Statistiques concernant Les plus gros transferts du football - Footballeurs anglais

Cliquez ici pour prendre le quiz!

Statistiques générales

  • Ce quiz a été pris 85 fois
  • Le résultat moyen est 9 sur 10

Statistiques - réponses

Montant de transfert (M €)SaisonVenant deAllant àJoueur% Correct
103,002023-2024Borussia DortmundReal MadridJude Bellingham
100%
95,002023-2024TottenhamBayern MunichHarry Kane
98%
117,502021-2022Aston VillaManchester CityJack Grealish
95%
85,002021-2022Borussia DortmundManchester UnitedJadon Sancho
91%
116,602023-2024West Ham UnitedArsenalDeclan Rice
89%
63,702015-2016LiverpoolManchester CityRaheem Sterling
88%
56,202022-2023Manchester CityChealseaRaheem Sterling
88%
87,002019-2020Leicester CityManchester UnitedHarry Maguire
85%
64,202023-2024ChelseaManchester United
Mason Mount
75%
58,502021-2022BrightonArsenalBen White
58%

Distribution des résultats

Percentile par nombre de réponses

% des personnes avec chaque résultat

Votre développement - résultats

Vous n’avez pas pris ce quiz